Multilevel Analysis: Techniques and Applications/ by Joop J. Hox, Mirjam Moerbeek, Rens Van De Schoot (Record no. 52423)

MARC details
000 -LEADER
fixed length control field 00563nam a22001697a 4500
003 - CONTROL NUMBER IDENTIFIER
control field OSt
008 - FIXED-LENGTH DATA ELEMENTS--GENERAL INFORMATION
fixed length control field 260629b |||||||| |||| 00| 0 eng d
020 ## - INTERNATIONAL STANDARD BOOK NUMBER
International Standard Book Number 9781032938035
082 ## - DEWEY DECIMAL CLASSIFICATION NUMBER
Classification number 519.535
Item number H86M
100 ## - MAIN ENTRY--PERSONAL NAME
Personal name Hox, Joop J.
245 ## - TITLE STATEMENT
Title Multilevel Analysis: Techniques and Applications/ by Joop J. Hox, Mirjam Moerbeek, Rens Van De Schoot
260 ## - PUBLICATION, DISTRIBUTION, ETC. (IMPRINT)
Place of publication, distribution, etc New York :
Name of publisher, distributor, etc Routledge,
Date of publication, distribution, etc xv, 347 p.
650 ## - SUBJECT ADDED ENTRY--TOPICAL TERM
Topical term or geographic name as entry element Pure Sciences | Mathematics | Statistics | Multivariate Analysis
700 ## - ADDED ENTRY--PERSONAL NAME
Personal name Moerbeek, Mirjam
700 ## - ADDED ENTRY--PERSONAL NAME
Personal name Schoot, Rens Van De
942 ## - ADDED ENTRY ELEMENTS (KOHA)
Source of classification or shelving scheme
Koha item type Books
Holdings
Withdrawn status Lost status Source of classification or shelving scheme Damaged status Not for loan Home library Current library Shelving location Date acquired Source of acquisition Cost, normal purchase price Total Checkouts Full call number Barcode Date last seen Bill Date Koha item type Bill Number
          Dr. Rajendra Prasad Central Agricultural University Pusa, Dr. Rajendra Prasad Central Agricultural University Pusa, General Stacks 29/06/2026 Today & Tomorrow Printers and Publishers 1995.00   519.535 H86M 87598 29/06/2026 29/01/2026 Books Bill No. IN-00449
Hosted, Implemented, Customized & Maintained by: BestBookBuddies

Powered by Koha